000
00301nam a2200121Ia 4500
005
20251222155143.0
008
251222s9999||||xx |||||||||||||| ||spa||
082
_a
EDUM.83
245
0
_a
Métodos cientÃficos aplicados a las ciencias sociales
250
_a
1ra. ed.
264
_b
Oxford
942
_c
LIB
999
_c
39245
_d
39245